Detalles MARC
| 000 -CABECERA |
| campo de control de longitud fija |
01162nam a2200265 a 4500 |
| 001 - NÚMERO DE CONTROL |
| campo de control |
000010684 |
| 005 - FECHA Y HORA DE LA ÚLTIMA TRANSACCIÓN |
| campo de control |
20210628225112.0 |
| 008 - DATOS DE LONGITUD FIJA--INFORMACIÓN GENERAL |
| campo de control de longitud fija |
091009s1985 dr 001 0 spa d |
| 040 ## - FUENTE DE LA CATALOGACIÓN |
| Centro catalogador/agencia de origen |
DO-SdBNP |
| Lengua de catalogación |
spa |
| Centro/agencia transcriptor |
BNPHU |
| 082 ## - NÚMERO DE LA CLASIFICACIÓN DECIMAL DEWEY |
| Número de clasificación |
616.963 |
| Número de documento/Ítem |
A815d |
| 049 ## - FONDOS LOCALES (OCLC) |
| Fondos de biblioteca |
BNPD |
| 100 1# - ENTRADA PRINCIPAL--NOMBRE DE PERSONA |
| Nombre de persona |
Ascuasiati de Alfau, Carmen |
| 9 (RLIN) |
25870 |
| 245 10 - MENCIÓN DE TÍTULO |
| Título |
Diagnóstico inmunológico de bilharziasis : |
| Resto del título |
revisión de la bibliografía / |
| Mención de responsabilidad, etc. |
Carmen Ascuasiati de Alfau, Carmen Paredes de Mejía, Aracelis Germán Rodríguez. |
| 260 ## - PUBLICACIÓN, DISTRIBUCIÓN, ETC. |
| Lugar de publicación, distribución, etc. |
Santo Domingo : |
| Nombre del editor, distribuidor, etc. |
Falcultad de Ciencia : UASD, |
| Fecha de publicación, distribución, etc. |
1985. |
| 300 ## - DESCRIPCIÓN FÍSICA |
| Extensión |
61 p. ; |
| Dimensiones |
24 cm. |
| 490 1# - MENCIÓN DE SERIE |
| Mención de serie |
Publicaciones de la Universidad Autónoma de Santo Domingo ; |
| Designación de volumen o secuencia |
397. |
| Mención de serie |
Temas de parasitología ; |
| Designación de volumen o secuencia |
10. |
| 500 ## - NOTA GENERAL |
| Nota general |
Incluye bibliográfia (p. 45) |
| 650 #4 - PUNTO DE ACCESO ADICIONAL DE MATERIA--TÉRMINO DE MATERIA |
| Término de materia o nombre geográfico como elemento de entrada |
Esquistosomiasis |
| 9 (RLIN) |
25871 |
| 650 #4 - PUNTO DE ACCESO ADICIONAL DE MATERIA--TÉRMINO DE MATERIA |
| Término de materia o nombre geográfico como elemento de entrada |
Diagnóstico parasitológico |
| 9 (RLIN) |
25872 |
| 650 #4 - PUNTO DE ACCESO ADICIONAL DE MATERIA--TÉRMINO DE MATERIA |
| Término de materia o nombre geográfico como elemento de entrada |
Parasitología médica |
| 9 (RLIN) |
25873 |
| 700 1# - PUNTO DE ACCESO ADICIONAL--NOMBRE DE PERSONA |
| Nombre de persona |
Paredes de Mejía, Carmen |
| 9 (RLIN) |
25874 |
| 700 1# - PUNTO DE ACCESO ADICIONAL--NOMBRE DE PERSONA |
| Nombre de persona |
Germán Rodríguez, Aracelis |
| 9 (RLIN) |
25875 |
| 710 ## - PUNTO DE ACCESO ADICIONAL--NOMBRE DE ENTIDAD CORPORATIVA |
| Nombre de entidad corporativa o nombre de jurisdicción como elemento de entrada |
Universidad Autónoma de Santo Domingo |
| 9 (RLIN) |
76692 |
| 830 #0 - PUNTO DE ACCESO ADICIONAL DE SERIE-TÍTULO UNIFORME |
| Título uniforme |
Publicaciones de la Universidad Autónoma de Santo Domingo ; |
| Designación de volumen o secuencia |
397. |
| Nombre de parte o sección de la obra |
Temas de parasitología ; |
| Número de parte o sección de la obra |
10. |
| 9 (RLIN) |
25877 |